LEADER 00935nam a2200205 i 4500 001 000000225231 003 CaOOAMICUS 005 20131127000000.0 008 131127s1932 it u000 u ita u 013 $a204132 040 $aSeMil$bita 100 1 $aLazzarato, Damiano.$0(OLS)http://semarc/name/78165 245 13$aLa Passione di Gesł Cristo :$billustrazione storico-giuridica del testo sinottico /$cSac. Avv. Cav. Damiano Lazzarato. 260 $a[S.l.] :$bTipografia Poliglotta Vaticana,$c1932. 300 $a188 p. ;$c22 cm. 650 4$aGesł Cristo - Passione.$0(OLS)http://semarc/subject/2379 850 $aSeMil 852 $aSeMil$W1$xVenegono$y1$m2W II 58$j175577$B175577$CSeMilBibl$Z2$F185760 $81 996 $6245$aLa Passione di Gesł Cristo :$billustrazione storico-giuridica del testo sinottico$9(OLS)http://semarc/title/322642 996 $6260$a[S.l.] :$bTipografia Poliglotta Vaticana$9(OLS)http://semarc/publisher/31870